000 00818nam a2200253 a 4500
001 BRCA_5672
005 20190320205157.0
008 220211s1922----gw-a######---#000-0#ger-#
041 _ager
044 _agw
050 4 _aN2325
_b.H36 1922
100 1 _aHanfstaengl, Eberhard
_913749
245 1 0 _aMeisterwerke der Alteren Pinakothek in Munchen
_cEberhard Hanfstaengl.
260 _aMunich
_bFranz Hanfstaengl
_c1922
300 _a332 p.
_bil., 300 láminas
_c24 cm.
440 0 _aHanfstaengls Maler.Klassiker: Die Meisterwerke der Bedeutendsten Galerien Europas
_v1
_914417
500 _aF142
610 2 4 _aPinakothek, Alte (Munich)
_97742
650 1 4 _aPinturas
_zMunich
_97744
650 1 4 _aPinturas, Reproducción de
_914418
650 1 4 _aGalerías y museos
_zAlemania
_95059
902 _aGFM
942 _2lcc
_cB
999 _c5365
_d5365